[Event "European Rapid 2017"]
[Site "Katowice POL"]
[Date "2017.12.17"]
[Round "10.88"]
[White "Widla, Piotr"]
[Black "Natsidis, Christoph"]
[Result "0-1"]
[BlackTitle "FM"]
[WhiteElo "2046"]
[BlackElo "2345"]
[WhiteFideId "1132164"]
[BlackFideId "24601179"]
[EventDate "2017.12.16"]

1. e4 c5 2. Nc3 Nc6 3. g3 g6 4. Bg2 Bg7 5. d3 e6 6. Be3 d6 7. Nge2 Nd4 8. Qd2
Rb8 9. Nc1 b5 10. a3 Ne7 11. Nd1 O-O 12. c3 Ndc6 13. Bh6 a5 14. h4 f6 15. Bxg7
Kxg7 16. h5 g5 17. h6+ Kh8 18. f4 Ng6 19. Ne2 b4 20. Nf2 e5 21. Bh3 bxc3 22.
bxc3 exf4 23. gxf4 Nxf4 24. Nxf4 gxf4 25. Bxc8 Qxc8 26. Qxf4 Ne5 27. Rg1 Rb2 28.
Rd1 Qe6 29. Rg3 f5 30. Rd2 Rxd2 31. Kxd2 Ng6 32. Qg5 Qa2+ 33. Ke1 f4 34. Rf3
Qxa3 35. Nd1 Qa2 36. Rf2 Qf7 37. d4 cxd4 38. cxd4 Qc4 39. Qxa5 Qd3 40. Qc7 Qxe4+
41. Re2 Qh1+ 42. Kd2 Qxh6 43. Rf2 f3+ 44. Kc2 Qf4 45. Qc3 Qf5+ 46. Kd2 Qf4+ 47.
Kc2 d5 48. Ne3 Re8 49. Nxd5 Qe4+ 50. Kd2 Qxd5 51. Rxf3 Rd8 52. Ke3 Nh4 53. Rg3
Nf5+ 0-1

[Event "European Rapid 2017"]
[Site "Katowice POL"]
[Date "2017.12.17"]
[Round "10.90"]
[White "Lewicki, Miroslaw"]
[Black "Walter, Szymon"]
[Result "0-1"]
[WhiteTitle "CM"]
[WhiteElo "2404"]
[BlackElo "2246"]
[WhiteFideId "1113380"]
[BlackFideId "1172590"]
[EventDate "2017.12.16"]

1. e4 c5 2. Nf3 d6 3. d4 cxd4 4. Nxd4 Nf6 5. Nc3 g6 6. Be2 Bg7 7. O-O O-O 8. Be3
Nc6 9. Nb3 a6 10. a4 Be6 11. f4 Rc8 12. f5 Bxb3 13. cxb3 Qa5 14. Rc1 Qb4 15.
fxg6 hxg6 16. Bd3 Ne5 17. Bc2 Nfg4 18. Ba7 e6 19. Na2 Qa5 20. Qxd6 Rfd8 21. b4
Rxd6 22. bxa5 Bh6 23. Rcd1 Rdc6 24. Bb3 Be3+ 25. Bxe3 Nxe3 26. Nb4 Rc5 27. Rd6
Nxf1 28. Kxf1 Rc1+ 29. Kf2 Rb1 30. Rd2 Nc4 31. Bxc4 Rxc4 32. Nd3 Rxe4 33. b4 Kg7
34. Kf3 Rc4 35. Ke2 Rc3 36. h3 Ra3 37. Rc2 Rbb3 38. Rd2 Kf6 39. Rd1 Ra2+ 40. Ke3
Rxg2 41. Kd4 Rg3 42. Rf1+ Ke7 43. Ne5 f6 44. Ng4 Rgd3+ 45. Kc5 Rdc3+ 46. Kb6
Rxb4+ 47. Ka7 f5 48. Ne5 g5 49. Rg1 Re4 50. Ng6+ Kf6 51. Nf8 g4 52. hxg4 Rxg4
53. Re1 Re4 54. Rd1 Rxa4 55. Nd7+ Ke7 56. Kb6 Rb3+ 57. Kc7 Rxa5 58. Rc1 Raa3 0-1

[Event "European Rapid 2017"]
[Site "Katowice POL"]
[Date "2017.12.17"]
[Round "10.91"]
[White "Troyke, Christian"]
[Black "Goslawski, Michal"]
[Result "1-0"]
[WhiteTitle "IM"]
[WhiteElo "2348"]
[BlackElo "2132"]
[WhiteFideId "4616278"]
[BlackFideId "1171259"]
[EventDate "2017.12.16"]

1. g3 d5 2. Bg2 Nc6 3. c4 d4 4. Nf3 e5 5. d3 Bb4+ 6. Nfd2 a5 7. O-O Nf6 8. Na3
O-O 9. Nc2 Bd6 10. Nf3 h6 11. e3 Bg4 12. exd4 exd4 13. h3 Bh5 14. g4 Bg6 15.
Ncxd4 Nxd4 16. Nxd4 Be7 17. Be3 c5 18. Nf5 Bxf5 19. gxf5 Qd7 20. Be4 Rad8 21.
Qf3 Rfe8 22. b3 Rb8 23. Rad1 Bf8 24. Rfe1 a4 25. Kh1 Red8 26. Rg1 Kh7 27. Bf4
Bd6 28. Qg3 Nh5 29. f6+ Kg8 30. Qf3 Bxf4 31. Qxh5 g6 32. Qf3 Be5 33. Bd5 Kh7 34.
Rde1 Bxf6 35. Rg4 Bg5 36. h4 Bf6 37. Rf4 Bg7 38. Rxf7 Qd6 39. Ree7 Rg8 40. h5
Rbf8 41. hxg6+ Kh8 42. Qh5 Rxf7 43. Rxf7 Qf4 44. Rxf4 1-0

[Event "European Rapid 2017"]
[Site "Katowice POL"]
[Date "2017.12.17"]
[Round "10.92"]
[White "Psyk, Radoslaw"]
[Black "Dudzinski, Pawel"]
[Result "0-1"]
[BlackTitle "FM"]
[WhiteElo "2222"]
[BlackElo "2241"]
[WhiteFideId "1182838"]
[BlackFideId "1117890"]
[EventDate "2017.12.16"]

1. e4 c6 2. d4 d5 3. Nc3 g6 4. Nf3 Bg7 5. h3 Nf6 6. e5 Ne4 7. Bd3 Nxc3 8. bxc3
O-O 9. O-O c5 10. Bf4 c4 11. Be2 h6 12. Qd2 g5 13. Bg3 Bf5 14. h4 f6 15. exf6
exf6 16. hxg5 hxg5 17. Nh2 Qd7 18. f4 g4 19. Qd1 Kf7 20. Nxg4 Rh8 21. Ne3 Be4
22. Bh5+ Ke7 23. Bf3 f5 24. Bxe4 fxe4 25. f5 Bf6 26. Ng4 Nc6 27. Ne5 Nxe5 28.
dxe5 Bg5 29. Qg4 Rag8 30. Bf4 Bh4 31. f6+ Kd8 32. Qe2 Qe6 33. Rad1 Kc8 34. Qd2
Qh3 35. f7 Bf2+ 36. Kxf2 Rxg2+ 37. Ke1 Rxd2 38. Rxd2 Qe6 39. Bg5 Rf8 40. Rdf2
Qxe5 41. Bh6 Qxc3+ 42. Kd1 Rxf7 43. Rxf7 e3 44. Bxe3 Qxe3 45. Rh7 Qd4+ 0-1

[Event "European Rapid 2017"]
[Site "Katowice POL"]
[Date "2017.12.17"]
[Round "10.93"]
[White "Gonsior, Monika"]
[Black "Klabis, Rokas"]
[Result "0-1"]
[BlackTitle "FM"]
[WhiteElo "2004"]
[BlackElo "2366"]
[WhiteFideId "1110276"]
[BlackFideId "12805246"]
[EventDate "2017.12.16"]

1. e4 d6 2. d4 e5 3. dxe5 dxe5 4. Qxd8+ Kxd8 5. Nf3 Bd6 6. Bc4 Be6 7. Bxe6 fxe6
8. O-O Nc6 9. c3 Nf6 10. Nbd2 Ke7 11. Re1 h6 12. Nc4 g5 13. b4 b5 14. Na3 a5 15.
Nxb5 axb4 16. Nxd6 cxd6 17. Bd2 bxc3 18. Bxc3 Ra4 19. Nd2 Rha8 20. Rab1 Rxa2 21.
Rb7+ Nd7 22. Rc7 Nd4 23. Rc4 R8a4 24. Rxa4 Rxa4 25. h3 Nc5 26. Kh2 Nb5 27. Bb2
Nd3 28. Rb1 Rb4 29. Ba1 Rxb1 30. Nxb1 Nxf2 31. Nd2 Nd3 32. Nf3 Kf6 33. h4 d5 34.
Nd2 Nd6 35. hxg5+ hxg5 36. exd5 exd5 37. Bc3 d4 38. Ba5 Kf5 39. Bc7 Nb5 40. Bb8
e4 41. g4+ Kxg4 42. Nxe4 Kf5 43. Nd2 Nc5 44. Nf3 d3 45. Bg3 Ne4 46. Be1 g4 47.
Nh4+ Kg5 48. Ng2 Nd4 49. Bh4+ Kf5 50. Bd8 Nf3+ 0-1

[Event "European Rapid 2017"]
[Site "Katowice POL"]
[Date "2017.12.17"]
[Round "10.94"]
[White "Bielczyk, Jacek"]
[Black "Morkisz, Bogdan"]
[Result "1-0"]
[WhiteTitle "IM"]
[WhiteElo "2279"]
[BlackElo "2023"]
[WhiteFideId "1100530"]
[BlackFideId "1103610"]
[EventDate "2017.12.16"]

1. e4 e6 2. d4 d5 3. Nc3 Bb4 4. Ne2 dxe4 5. a3 Be7 6. Nxe4 Nc6 7. Bf4 Nf6 8. Qd3
O-O 9. O-O-O b6 10. Nxf6+ Bxf6 11. Qg3 Qd5 12. Nc3 Qa5 13. Ne4 Bxd4 14. Rxd4
Nxd4 15. Bd3 Nf5 16. Qh3 Ba6 17. Bd2 Bxd3 18. Bxa5 Bxe4 19. Bc3 Rad8 20. Re1 Bd5
21. f3 Rd7 22. Qg4 f6 23. Qa4 Rfd8 24. Qf4 c5 25. b3 Kf7 26. Kb2 Bc6 27. g4 Nd4
28. g5 f5 29. Bxd4 Rxd4 30. Qc7+ R8d7 31. Qxc6 R4d6 32. Qb5 Kg6 33. Qc4 Kf7 34.
h4 Rd5 35. a4 R7d6 36. h5 Kf8 37. h6 g6 38. Qf4 Kf7 39. Re2 a6 40. Qc4 a5 41.
Qa6 Rd4 42. Qb7+ Ke8 43. Qxh7 c4 44. Qxg6+ Kd7 45. h7 Rc6 46. h8=Q c3+ 47. Ka2 1-0

[Event "European Rapid 2017"]
[Site "Katowice POL"]
[Date "2017.12.17"]
[Round "10.95"]
[White "Janaszak, Dawid"]
[Black "Madrawski, Krzysztof"]
[Result "0-1"]
[WhiteTitle "FM"]
[WhiteElo "2372"]
[BlackElo "2052"]
[WhiteFideId "1119206"]
[BlackFideId "1163973"]
[EventDate "2017.12.16"]

1. e4 e6 2. d4 d5 3. Bd3 Nf6 4. e5 Nfd7 5. Ne2 c5 6. c3 Nc6 7. O-O Be7 8. Nd2
cxd4 9. cxd4 Nb6 10. Nf3 Bd7 11. a3 a5 12. Nf4 g6 13. Bd2 a4 14. Bc2 Nc4 15. Bc3
b5 16. Nd3 Qb6 17. Qc1 O-O 18. Qh6 f6 19. Nc5 Ra7 20. exf6 Bxf6 21. Ng5 Bxg5 22.
Qxg5 Bc8 23. Rae1 e5 24. b4 axb3 25. Nxb3 Bf5 26. Qc1 Bxc2 27. Qxc2 Nxa3 28. Qd3
b4 29. Ba1 e4 30. Qh3 Nd8 31. Rc1 Ne6 32. Nc5 Nf4 33. Qb3 Raf7 34. Kh1 Nc4 35.
Rxc4 dxc4 36. Qxc4 Qc6 37. f3 exf3 38. Rxf3 Nd5 39. Qe2 Rxf3 40. gxf3 Qf6 41.
Bb2 Qxf3+ 42. Qxf3 Rxf3 43. Kg2 Rf7 44. Kg3 Ra7 45. Kf3 Ra2 46. Nd3 b3 47. Bc1
Rc2 48. Bb2 Nb4 49. Nxb4 Rxb2 50. d5 Rd2 51. Ke3 Rd1 52. Nd3 b2 53. Nxb2 Rxd5
54. Nc4 Rh5 55. Kf3 Rxh2 56. Nd6 Rh5 57. Ne4 Rf5+ 58. Kg4 h5+ 59. Kg3 Kg7 60.
Nd6 Rd5 61. Ne4 g5 62. Nf2 Kg6 63. Kf3 g4+ 64. Ke4 Rf5 65. Nd3 h4 66. Nc1 g3 67.
Ne2 g2 68. Ng1 Rf1 69. Nh3 g1=Q 0-1

[Event "European Rapid 2017"]
[Site "Katowice POL"]
[Date "2017.12.17"]
[Round "10.96"]
[White "Slipchuk, Evgeniy"]
[Black "Tomaszewski, Roman"]
[Result "0-1"]
[BlackTitle "IM"]
[WhiteElo "2013"]
[BlackElo "2285"]
[WhiteFideId "14140730"]
[BlackFideId "1100637"]
[EventDate "2017.12.16"]

1. d4 Nf6 2. g3 d5 3. Bg2 c6 4. c4 g6 5. cxd5 Nxd5 6. Nf3 Bg7 7. O-O O-O 8. Nc3
Nb6 9. h3 a5 10. Bf4 Be6 11. Be5 Bh6 12. Bf4 Bxf4 13. gxf4 Nd5 14. e3 Nd7 15.
Ne5 Nxe5 16. fxe5 Nxc3 17. bxc3 Qd7 18. h4 Bc4 19. Re1 f6 20. f4 fxe5 21. dxe5
Qe6 22. Qf3 Bxa2 23. Bh3 Qf7 24. Qg4 Bc4 25. f5 b5 26. e4 Kh8 27. Kh2 a4 28.
Red1 Rad8 29. Rd4 c5 30. Rxd8 Rxd8 31. Rd1 Bd3 32. Qg3 c4 33. e6 Qg7 34. Qc7 Rg8
35. Rg1 Qxc3 36. fxg6 hxg6 37. Qf4 Qg7 38. h5 g5 39. Qf5 a3 40. Qf7 a2 41. Bf5
Rf8 42. Qxg7+ Kxg7 43. Ra1 Bb1 44. Bg6 b4 45. Kg3 b3 46. e5 Bxg6 0-1

[Event "European Rapid 2017"]
[Site "Katowice POL"]
[Date "2017.12.17"]
[Round "10.97"]
[White "Swicarz, Maciej"]
[Black "Zalesky, Karel"]
[Result "1-0"]
[WhiteElo "2378"]
[BlackElo "2030"]
[WhiteFideId "1113585"]
[BlackFideId "316717"]
[EventDate "2017.12.16"]

1. f4 d5 2. Nf3 g6 3. g3 Bg7 4. Bg2 Nf6 5. O-O c5 6. d3 Nc6 7. Qe1 O-O 8. e4
dxe4 9. dxe4 Nd4 10. Na3 Ng4 11. c3 Nxf3+ 12. Bxf3 h5 13. Qe2 a6 14. Nc4 b5 15.
Ne3 Nh6 16. f5 Bb7 17. Ng2 b4 18. Be3 Rc8 19. fxg6 fxg6 20. Nf4 Qb6 21. cxb4
Rxf4 22. gxf4 Qxb4 23. a3 Qb3 24. Rac1 Rd8 25. Bxc5 Rd3 26. Rcd1 Rxd1 27. Rxd1
Qxb2 28. Qxb2 Bxb2 29. Rb1 1-0

[Event "European Rapid 2017"]
[Site "Katowice POL"]
[Date "2017.12.17"]
[Round "10.98"]
[White "Fistek, Dariusz"]
[Black "Smolkin, Alexander"]
[Result "1-0"]
[WhiteElo "2218"]
[BlackElo "1999"]
[WhiteFideId "1132210"]
[BlackFideId "14117657"]
[EventDate "2017.12.16"]

1. d4 Nf6 2. c4 g6 3. Nc3 Bg7 4. g3 d6 5. Bg2 O-O 6. Nf3 Nc6 7. O-O e5 8. d5 Ne7
9. c5 a6 10. cxd6 cxd6 11. Qb3 Nd7 12. Nd2 Nc5 13. Qa3 a5 14. Nc4 Ra6 15. Nb5
Qd7 16. Nbxd6 Rxd6 17. Qxc5 Ra6 18. d6 Nf5 19. Rd1 Nd4 20. e3 Ne6 21. Qd5 f6 22.
Nxa5 Rd8 23. Nxb7 Bxb7 24. Qxb7 Rxd6 25. Qxd7 Rxd1+ 26. Qxd1 Rxd1+ 27. Bf1 f5
28. Kg2 Nc5 29. Be2 Re1 30. Bc4+ Kf8 31. b4 Na4 32. Bb2 Nxb2 33. Rxe1 Nxc4 34.
Rc1 Nb6 35. Rc6 Nd5 36. b5 Ke7 37. b6 Nb4 38. Rc7+ Kf6 39. b7 Na6 40. Rc6+ 1-0

[Event "European Rapid 2017"]
[Site "Katowice POL"]
[Date "2017.12.17"]
[Round "10.99"]
[White "Olsen, Filip Boe"]
[Black "Mayans, Calvo, Mariano"]
[Result "0-1"]
[WhiteTitle "FM"]
[WhiteElo "2294"]
[BlackElo "2233"]
[WhiteFideId "1440640"]
[BlackFideId "2251426"]
[EventDate "2017.12.16"]

1. d4 Nf6 2. c4 e6 3. Nc3 Bb4 4. e3 O-O 5. Ne2 b6 6. a3 Be7 7. Ng3 Bb7 8. d5 Bd6
9. Be2 Be5 10. e4 Bxc3+ 11. bxc3 d6 12. O-O Re8 13. Qc2 Nbd7 14. f4 a5 15. Be3
exd5 16. cxd5 Bxd5 17. exd5 Rxe3 18. Nf5 Re8 19. Bf3 Nc5 20. Nd4 Qd7 21. Be2
Nxd5 22. Bb5 Qg4 23. Bxe8 Rxe8 24. Rae1 Rxe1 25. Rxe1 g6 26. g3 Nxf4 27. Qd2
Nfd3 28. Rf1 Kg7 29. Rf3 Ne5 30. Rf4 Qd7 31. Rf1 Ne4 32. Qe3 d5 33. Qf4 f6 34.
h4 h5 35. Re1 Nd3 36. Qe3 Nxe1 37. Qxe1 c5 38. Nf3 Qg4 39. Kg2 Qd7 40. c4 b5 41.
cxd5 Qxd5 42. Qe2 c4 43. Kh2 c3 44. Qe3 Qa2+ 45. Kg1 Qf2+ 46. Qxf2 Nxf2 47. Nd4
Ne4 48. Kg2 b4 49. axb4 axb4 50. Kf3 f5 51. Kf4 Kf6 52. Kf3 Nc5 53. Ke3 b3 54.
Nb5 Ne4 55. Kd3 c2 0-1

[Event "European Rapid 2017"]
[Site "Katowice POL"]
[Date "2017.12.17"]
[Round "10.100"]
[White "Cherepov, Alexej"]
[Black "Chylewski, Patryk"]
[Result "1/2-1/2"]
[WhiteElo "2156"]
[BlackElo "2213"]
[WhiteFideId "13503650"]
[BlackFideId "1186191"]
[EventDate "2017.12.16"]

1. d4 Nf6 2. c4 e6 3. g3 d5 4. Bg2 Bb4+ 5. Bd2 Bd6 6. Nf3 O-O 7. O-O c6 8. Nc3
Nbd7 9. b3 Qe7 10. Qc2 dxc4 11. bxc4 e5 12. d5 cxd5 13. cxd5 Nb6 14. e4 Bd7 15.
Qb3 Rfc8 16. Rac1 Rc7 17. Bg5 Rac8 18. Ne2 Nc4 19. Nd2 b5 20. Nxc4 bxc4 21. Qc2
h6 22. Bd2 Bc5 23. h3 Ne8 24. Nc3 Nd6 25. Rb1 Bd4 26. Rfe1 a6 27. Be3 Nb5 28.
Nxb5 Bxb5 29. Rbd1 Qc5 30. a4 Bd7 31. Bxd4 exd4 32. e5 d3 33. Qc3 Bxa4 34. Rb1
Bb5 35. h4 Re8 36. Re3 Rd7 37. d6 Rdd8 38. h5 Bc6 39. Bxc6 Qxc6 40. Rxd3 Rxe5
41. Qxe5 cxd3 42. Rd1 Qxd6 43. Qa5 Rd7 44. Rd2 Qc6 45. Qb4 Rd5 46. g4 Qd6 47.
Qa4 Qd7 48. Qd1 Rd4 49. f3 Qd6 50. Kg2 Qd5 51. Kg3 Qe5+ 52. Kg2 Qe3 53. Qc1 Kh7
54. Qc3 Rd5 55. Kg3 Qe1+ 56. Kg2 Qe3 57. Kg3 a5 58. Kg2 a4 59. Ra2 d2 60. Qxe3
d1=Q 61. Qe4+ Kg8 62. Qe8+ Kh7 63. Qe4+ f5 64. gxf5 Rd2+ 65. Rxd2 Qxd2+ 66. Kh3
Qd7 67. Kg2 Kh8 68. Qa8+ Kh7 69. Qe4 Kh8 70. Qa8+ Kh7 71. Qe4 Kh8 1/2-1/2

[Event "European Rapid 2017"]
[Site "Katowice POL"]
[Date "2017.12.17"]
[Round "11.3"]
[White "Pavlidis, Antonios"]
[Black "Fedorchuk, Sergey A."]
[Result "0-1"]
[WhiteTitle "GM"]
[BlackTitle "GM"]
[WhiteElo "2539"]
[BlackElo "2648"]
[WhiteFideId "4212312"]
[BlackFideId "14102536"]
[EventDate "2017.12.16"]

1. e4 c5 2. Nf3 e6 3. d4 cxd4 4. Nxd4 a6 5. Bd3 Bc5 6. Nb3 Be7 7. O-O d6 8. Be3
Nf6 9. N1d2 Nc6 10. Nc4 Nd7 11. a4 d5 12. exd5 exd5 13. Ncd2 Nde5 14. Be2 d4 15.
Bf4 d3 16. cxd3 Nxd3 17. Bg3 Bf5 18. Nc4 O-O 19. a5 Nc5 20. Nxc5 Bxc5 21. Bd6
Bxd6 22. Nxd6 Be6 23. Nc4 Qd4 24. Qc1 Rad8 25. Rd1 Qc5 26. Qc3 Rd4 27. Rxd4 Nxd4
28. Bf1 Nc6 29. Rd1 h6 30. h3 Rc8 31. Nb6 Qxc3 32. bxc3 Rc7 33. Ra1 Ne5 34. f4
Ng6 35. c4 Nxf4 36. Rd1 g5 37. Kf2 Kg7 38. Ke3 Rc5 39. g3 Nxh3 40. Bg2 Rxa5 41.
Bxb7 f5 42. Rd6 f4+ 43. Kd4 Bg4 44. Be4 fxg3 45. Rg6+ Kf7 46. Nd5 Rxd5+ 47. cxd5
g2 0-1

[Event "European Rapid 2017"]
[Site "Katowice POL"]
[Date "2017.12.17"]
[Round "11.4"]
[White "Wojtaszek, Radoslaw"]
[Black "Andriasian, Zaven"]
[Result "1/2-1/2"]
[WhiteTitle "GM"]
[BlackTitle "GM"]
[WhiteElo "2736"]
[BlackElo "2585"]
[WhiteFideId "1118358"]
[BlackFideId "13302000"]
[EventDate "2017.12.16"]

1. Nf3 d5 2. d4 Nf6 3. c4 c6 4. e3 Bg4 5. cxd5 Bxf3 6. Qxf3 cxd5 7. Nc3 Nc6 8.
Bd3 e6 9. Bd2 Be7 10. O-O O-O 11. Rac1 Rc8 12. Rfd1 Qd7 13. Be1 Rfd8 14. Bf1 Qe8
15. Qe2 a6 16. Qd3 Na5 17. Qb1 Nc4 18. b3 Nd6 19. Na4 Rxc1 20. Rxc1 Rc8 21. f3
h5 22. Bd3 Nd7 23. Bd2 h4 24. Nc5 Rc6 25. Na4 Rc8 26. Rc2 e5 27. Rxc8 Nxc8 28.
Nc3 Ncb6 29. Ne2 g6 30. Qc1 Bd6 31. Be1 e4 32. Bb1 Qe7 33. f4 Nf8 34. a4 Qd8 35.
a5 Na8 36. b4 Nc7 37. Ba2 g5 38. fxg5 Qxg5 39. Nf4 Nfe6 40. Nxe6 Nxe6 41. Bf2
Kg7 42. Qe1 h3 43. Bg3 Be7 44. gxh3 Qh5 45. h4 Kg8 46. Qf1 Bxb4 47. Qf6 Bd2 48.
Bf2 Qg4+ 49. Kf1 Qd1+ 50. Kg2 Qg4+ 51. Kf1 Qd1+ 52. Kg2 Qg4+ 1/2-1/2

[Event "European Rapid 2017"]
[Site "Katowice POL"]
[Date "2017.12.17"]
[Round "11.5"]
[White "Ponkratov, Pavel"]
[Black "Saric, Ivan"]
[Result "1-0"]
[WhiteTitle "GM"]
[BlackTitle "GM"]
[WhiteElo "2613"]
[BlackElo "2669"]
[WhiteFideId "4157800"]
[BlackFideId "14508150"]
[EventDate "2017.12.16"]

1. e4 c6 2. d4 d5 3. e5 Bf5 4. h4 h5 5. Bd3 Bxd3 6. Qxd3 Qa5+ 7. Nd2 e6 8. Nf3
Nh6 9. O-O Qa6 10. c4 Nf5 11. b3 Nd7 12. a4 Rc8 13. Qc2 b6 14. Bb2 Be7 15. g3
O-O 16. Rfe1 Rfe8 17. a5 Qb7 18. a6 Qa8 19. cxd5 cxd5 20. Qd3 Rc7 21. Re2 Rec8
22. Nf1 Nb8 23. Ne3 Nxe3 24. Qxe3 Rc2 25. Ne1 Rxe2 26. Qxe2 g6 27. g4 hxg4 28.
Qxg4 Nd7 29. h5 Nf8 30. Bc1 Rc3 31. Bh6 Kh7 32. Bd2 Rxb3 33. Rc1 Qd8 34. Nf3 Kg8
35. Kg2 Qd7 36. Bh6 b5 37. Bxf8 Bxf8 38. hxg6 fxg6 39. Ng5 Bh6 40. Rh1 Bg7 41.
Nxe6 Ra3 42. Qxg6 Rxa6 43. Qh7+ Kf7 44. Qxg7+ Kxe6 45. Rh6+ 1-0

[Event "European Rapid 2017"]
[Site "Katowice POL"]
[Date "2017.12.17"]
[Round "11.6"]
[White "Fridman, Daniel"]
[Black "Moranda, Wojciech"]
[Result "0-1"]
[WhiteTitle "GM"]
[BlackTitle "GM"]
[WhiteElo "2633"]
[BlackElo "2593"]
[WhiteFideId "11600454"]
[BlackFideId "1122401"]
[EventDate "2017.12.16"]

1. g3 g6 2. Bg2 Bg7 3. d4 Nf6 4. Nf3 O-O 5. O-O d6 6. b3 e5 7. dxe5 dxe5 8. Ba3
Qxd1 9. Rxd1 Re8 10. Nc3 e4 11. Nd2 e3 12. fxe3 Na6 13. Nf1 c6 14. e4 Be6 15. h3
Nd7 16. Bb2 Nb4 17. Rd2 a5 18. a3 Na6 19. Nd1 Bh6 20. e3 a4 21. b4 Nb6 22. Bf6
Nc4 23. Rd3 c5 24. b5 Nc7 25. Rb1 Ra5 26. b6 Nb5 27. Ra1 Bg7 28. Bxg7 Kxg7 29.
Nc3 Ne5 30. Nxb5 Rxb5 31. Rdd1 Rxb6 32. Rab1 Rxb1 33. Rxb1 Re7 34. Kf2 Nc4 35.
Ra1 Rd7 36. g4 h6 37. Bf3 Nd2 38. Nh2 Kf6 39. Ke1 Ke5 40. Be2 Nxe4 41. Nf3+ Kf6
42. Bb5 Rd8 43. Bxa4 Nc3 44. Bb3 c4 45. Ba2 Ra8 46. Bb1 b5 47. Kd2 b4 48. Nd4
Rxa3 0-1

[Event "European Rapid 2017"]
[Site "Katowice POL"]
[Date "2017.12.17"]
[Round "11.7"]
[White "Kovalev, Vladislav"]
[Black "Georgiev, Kiril"]
[Result "0-1"]
[WhiteTitle "GM"]
[BlackTitle "GM"]
[WhiteElo "2639"]
[BlackElo "2623"]
[WhiteFideId "13504398"]
[BlackFideId "2900017"]
[EventDate "2017.12.16"]

1. e4 c5 2. Nf3 d6 3. Bb5+ Bd7 4. Bxd7+ Qxd7 5. c4 Nf6 6. Nc3 g6 7. d4 cxd4 8.
Nxd4 Bg7 9. f3 O-O 10. Be3 Nc6 11. Rc1 e6 12. O-O Rfd8 13. Qd2 a6 14. Rfd1 Rac8
15. b3 Qe7 16. Na4 Ne5 17. Nb6 Rb8 18. Ne2 Qc7 19. Na4 Qe7 20. Bb6 Rd7 21. Qe3
Nc6 22. Rc2 h5 23. Rcd2 Kh7 24. Qf2 Bh6 25. Be3 Bxe3 26. Qxe3 b5 27. cxb5 axb5
28. Nac3 Rdd8 29. Nd4 Nxd4 30. Rxd4 b4 31. Na4 Qa7 32. Kf2 d5 33. R4d2 Qc7 34.
e5 Nd7 35. f4 Rdc8 36. g3 Qd8 37. Qa7 Rc7 38. Qa6 Qe7 39. h4 Kg7 40. Qd3 Rbc8
41. Qd4 Rb8 42. Kg2 Nc5 43. Nxc5 Rxc5 44. Kf2 Rc3 45. Rd3 Rc2+ 46. R3d2 Rc6 47.
Qe3 Rbc8 48. Qd4 Rc3 49. Rd3 R8c6 50. Rxc3 Rxc3 51. Rd3 Rxd3 52. Qxd3 Qa7+ 53.
Qe3 Qxa2+ 54. Kf3 Qb1 55. Kf2 Qc2+ 56. Ke1 Qc3+ 57. Ke2 Kf8 58. Qd3 d4 59. Qf3
Qc2+ 60. Ke1 d3 61. Qe3 Qc3+ 62. Qd2 Qxb3 63. Kf2 Qc3 64. Ke3 Qxd2+ 65. Kxd2 Ke7
66. Kxd3 Kd7 67. Kc4 Kc6 68. Kxb4 Kd5 69. Kb5 Ke4 70. Kc6 Kf3 71. Kd7 Kxg3 72.
Ke7 Kxf4 73. Kxf7 Kf5 0-1

[Event "European Rapid 2017"]
[Site "Katowice POL"]
[Date "2017.12.17"]
[Round "11.8"]
[White "Alekseev, Evgeny"]
[Black "Kantans, Toms"]
[Result "1-0"]
[WhiteTitle "GM"]
[BlackTitle "GM"]
[WhiteElo "2616"]
[BlackElo "2484"]
[WhiteFideId "4138147"]
[BlackFideId "11602945"]
[EventDate "2017.12.16"]

1. e4 c5 2. Nf3 Nf6 3. Nc3 Nc6 4. d4 d5 5. exd5 Nxd5 6. Nxd5 Qxd5 7. Be3 cxd4 8.
Nxd4 a6 9. c3 e5 10. Qb3 Qxb3 11. Nxb3 Be6 12. O-O-O f5 13. f3 Kf7 14. Be2 Be7
15. Nc5 Bxc5 16. Bxc5 Rhd8 17. b3 Rxd1+ 18. Rxd1 Rd8 19. Bb6 Rxd1+ 20. Kxd1 g5
21. Kd2 h5 22. c4 Kg6 23. Kc3 a5 24. a3 g4 25. b4 axb4+ 26. axb4 gxf3 27. gxf3
Kg5 28. b5 Nb8 29. Be3+ Kh4 30. f4 exf4 31. Bxf4 Nd7 32. Kd4 b6 33. Bg3+ Kg5 34.
h4+ Kg6 35. Bc7 Bf7 36. Bf3 Kf6 37. Bc6 Ke7 38. Bxd7 Kxd7 39. Bxb6 f4 40. Ba5 f3
41. Be1 Be6 42. c5 Kc7 43. Bg3+ Kb7 44. Kc3 Bf5 45. c6+ Kb6 46. Kb4 Be4 47. Bf2+
Kc7 48. Kc5 1-0

[Event "European Rapid 2017"]
[Site "Katowice POL"]
[Date "2017.12.17"]
[Round "11.9"]
[White "Brodowski, Piotr"]
[Black "Brunello, Sabino"]
[Result "0-1"]
[WhiteTitle "IM"]
[BlackTitle "GM"]
[WhiteElo "2430"]
[BlackElo "2553"]
[WhiteFideId "1124480"]
[BlackFideId "813613"]
[EventDate "2017.12.16"]

1. g3 d5 2. Bg2 Nf6 3. c4 d4 4. d3 e5 5. Nf3 Nc6 6. O-O a5 7. Na3 Be7 8. Nc2 O-O
9. b3 h6 10. e3 dxe3 11. Nxe3 Bc5 12. Bb2 Re8 13. h3 Qd6 14. Re1 Bd7 15. Rc1 e4
16. dxe4 Nxe4 17. Qxd6 cxd6 18. Rcd1 Nxg3 19. Nd2 Nb4 20. Ndf1 Nxf1 21. Kxf1
Nxa2 22. Bd4 Bxd4 23. Rxd4 Nb4 24. Rxd6 Bc6 25. Red1 a4 26. bxa4 Rxa4 27. Nd5
Kh7 28. Rb1 Nc2 29. Nb6 Bxg2+ 30. Kxg2 Ra2 31. Nd5 Ne1+ 32. Kf1 Nf3 33. Ne3 Nd2+
34. Rxd2 Rxd2 35. Rxb7 Kg6 36. Nd5 Re4 37. Rc7 Rc2 38. Ne3 Rc1+ 39. Kg2 f6 40.
Kf3 Re5 41. Rd7 h5 42. Rd4 Rh1 43. Kg2 Rc1 44. Kf3 Kh6 45. Rd6 Rh1 46. Kg2 Rc1
47. Kf3 Rg5 48. h4 Re5 49. Rd4 Kg6 50. Kg2 Ra1 51. Kf3 Ra7 52. Kg3 Kf7 53. Kf3
Ke6 54. Rd8 Ke7 55. Rg8 Kf7 56. Rd8 Rc7 57. Rd4 Ke6 58. Rd8 Rd7 59. Ra8 Rc5 60.
Ra6+ Kf7 61. Kg3 Rcc7 62. Ra5 Kg6 63. Kf3 Rd4 64. Kg3 Re7 65. Nd5 Re5 66. Rc5
Rg4+ 67. Kh3 Re1 68. Kh2 Rxh4+ 69. Kg3 Rg4+ 70. Kf3 Re5 71. Rc7 Rxc4 72. Rxc4
Rxd5 73. Kg3 Kf5 74. f4 g5 75. fxg5 fxg5 76. Rc3 h4+ 77. Kh3 Kg6 78. Kg4 Rd4+
79. Kh3 Kh5 80. Rc5 Rd3+ 81. Kg2 h3+ 82. Kh2 Kh4 0-1

[Event "European Rapid 2017"]
[Site "Katowice POL"]
[Date "2017.12.17"]
[Round "11.10"]
[White "Chigaev, Maksim"]
[Black "Klekowski, Maciej"]
[Result "0-1"]
[WhiteTitle "GM"]
[BlackTitle "IM"]
[WhiteElo "2555"]
[BlackElo "2498"]
[WhiteFideId "4108116"]
[BlackFideId "1132717"]
[EventDate "2017.12.16"]

1. e4 c5 2. Nf3 Nc6 3. Bb5 g6 4. Bxc6 bxc6 5. O-O Bg7 6. Re1 e5 7. c3 Ne7 8. d4
cxd4 9. cxd4 exd4 10. Nxd4 O-O 11. Nc3 Bb7 12. Bg5 h6 13. Be3 d5 14. Nb3 dxe4
15. Bc5 Re8 16. Rxe4 Qxd1+ 17. Rxd1 Nd5 18. Rxe8+ Rxe8 19. Nxd5 cxd5 20. Nd4 a5
21. h3 Rc8 22. Ba3 a4 23. Bb4 Rc4 24. Bc3 a3 25. Rd2 Ba6 26. Ne2 Re4 27. Nd4
Re1+ 28. Kh2 Rc1 29. Kg3 Bc4 30. Ne2 Bxc3 31. bxc3 Ra1 32. Nd4 Bxa2 33. Nc2 Rc1
34. f3 Rxc2 35. Rxc2 Bb1 36. Re2 Kf8 0-1